| 000 | 00832 a2200193 4500 | ||
|---|---|---|---|
| 003 | Nust | ||
| 005 | 20170207152515.0 | ||
| 010 | _a 97001921 | ||
| 020 | _a0890065721 (alk. paper) | ||
| 040 | _cNust | ||
| 082 | 0 | 0 | _a621.38275 |
| 100 | 1 | _aPapannareddy, Rajappa. | |
| 245 | 1 | 0 |
_aIntroduction to lightwave communication systems / _cRajappa Papannareddy. |
| 260 |
_aBoston : _bArtech House, _c1997. |
||
| 300 |
_axii, 246 p. : _bill. ; _c24 cm. |
||
| 505 | _aIntroduction (Page-1) System Description (Page-17) Optical Amplifiers (Page-93) Direct Detection Light wave Systems (Page-117) Coherent Detection Light wave System (Page-143) Solution Light wave System (Page-179)Optoelectronic Integrated Circuits (Page-195) Multichannel Lighwave System (Page-209) | ||
| 538 | _aAlmirah No 26 Shelf No 6 | ||
| 650 | 0 | _aTelecommunication engineering | |
| 942 | _cREF | ||
| 999 |
_c176011 _d176011 |
||